Does diabetic autonomic neuropathy influence the clinical manifestations of reflux esophagitis?

Podrobná bibliografia
Hlavní autori: Antwi, Ch (Autor), Krahulec, B. (Autor), Michalko, Ľubomír, 1949- (Autor), Balazovjech, I. (Autor), Štrbová, L. (Autor), Hlinšťáková, Stella (Autor)
Médium: Článok
Jazyk:slovenčina
angličtina
Fyzický popis:Tab.
ISSN:0006-9248
Predmet:

MARC

LEADER 00000nab a2200000 a 4500
001 vtls000859674
003 SK-MaSNL
005 20260304125708.0
008 250429c2003 xo 0 slo
015 |a SNBRB2004/01-02882 
035 |a CLN000211295 
035 |a urn:nbn:sk:snk-abrmf 
035 |a (urnnbn)urn:nbn:sk:snk:ar-a03fwv 
035 |a (uuid)18bbc15e-96c2-475d-9c47-7d5d294d62e5 
040 |a SNKBUCL  |b slo  |c SNKBUCL  |e AACR2 
041 0 |a eng 
044 |a xo  |c SK 
080 |a 616.8:616.379-008.64  |2 1997 
245 0 0 |a Does diabetic autonomic neuropathy influence the clinical manifestations of reflux esophagitis?  |c Ch. Antwi ... [et al.] 
300 |b Tab. 
504 |a Res. angl. 
504 |a Bibliogr. odkazy 
650 0 7 |a reflux gastroezofagálny  |x komplikácie  |x patofyziológia  |2 MESH  |9 1438959 
650 0 7 |a peptická ezofagitída  |2 MESH  |9 1438960 
650 0 7 |a diabetická neuropatia  |2 MESH  |9 68378 
650 0 7 |a choroby kardiovaskulárne  |x klasifikácia  |x patofyziológia  |2 MESH  |9 1438961 
650 0 7 |a štúdie klinické  |x metódy  |2 MESH  |9 875524 
650 0 7 |a srdcová frekvencia  |2 MESH  |9 86532 
650 0 7 |a patológia  |2 MESH  |9 900 
655 7 |a články z novín a časopisov  |2 snkbucl  |9 267496 
700 1 |a Antwi, Ch.  |4 aut  |9 1319918 
700 1 |a Krahulec, B.  |4 aut  |9 688327 
700 1 |a Michalko, Ľubomír,  |d 1949-  |4 aut  |9 40353 
700 1 |a Balazovjech, I.  |4 aut  |9 1435269 
700 1 |a Štrbová, L.  |4 aut  |9 786700 
700 1 |a Hlinšťáková, Stella  |4 aut  |9 121842 
773 0 |t Bratislavské lekárske listy  |g Vol. 104, no. 4-5 (2003), s. 139-142  |x 0006-9248 
850 |a Slovenská národná knižnica 
852 |a Slovenská národná knižnica 
958 |a article27 
958 |a MI 
958 |a NB 
958 |a OND 
958 |a EUIPO 
992 |a RBX 
999 |c 2894530  |d 2896460